Plant Comparative Genomics/ (Record no. 51224)

MARC details
000 -LEADER
fixed length control field 00564nam a22001697a 4500
003 - CONTROL NUMBER IDENTIFIER
control field OSt
008 - FIXED-LENGTH DATA ELEMENTS--GENERAL INFORMATION
fixed length control field 260602b |||||||| |||| 00| 0 eng d
020 ## - INTERNATIONAL STANDARD BOOK NUMBER
International Standard Book Number 9781071624319
082 ## - DEWEY DECIMAL CLASSIFICATION NUMBER
Classification number 631.523
Item number S23P
245 ## - TITLE STATEMENT
Title Plant Comparative Genomics/
Remainder of title edited by Alejandro Pereira-Santana , Samuel David Gamboa-Tuz and, Luis Carlos Rodríguez-Zapata
260 ## - PUBLICATION, DISTRIBUTION, ETC. (IMPRINT)
Place of publication, distribution, etc New York:
Name of publisher, distributor, etc Springer Nature;
Date of publication, distribution, etc 2021
300 ## - PHYSICAL DESCRIPTION
Extent xi, 294 p.
700 ## - ADDED ENTRY--PERSONAL NAME
Personal name Santana , Alejandro Pereira-
700 ## - ADDED ENTRY--PERSONAL NAME
Personal name Gamboa-Tuz , Samuel David
700 ## - ADDED ENTRY--PERSONAL NAME
Personal name Rodríguez-Zapata, Luis Carlos
942 ## - ADDED ENTRY ELEMENTS (KOHA)
Source of classification or shelving scheme
Koha item type Books
Holdings
Withdrawn status Lost status Source of classification or shelving scheme Damaged status Not for loan Home library Current library Shelving location Date acquired Source of acquisition Cost, normal purchase price Total Checkouts Full call number Barcode Date last seen Bill Date Koha item type Bill Number
          Dr. Rajendra Prasad Central Agricultural University Pusa, Dr. Rajendra Prasad Central Agricultural University Pusa, General Stacks 02/06/2026 Delight Book Agency 14296.00   631.523 S23P 87267 02/06/2026 29/01/2026 Books Bill No. DBS/0262025-2026
Hosted, Implemented, Customized & Maintained by: BestBookBuddies

Powered by Koha